Score 0/8 Timer 00:30
0 Plays Today
% Correct
Roentgenium
88.5%
Rubidium
87.8%
Rutherfordium
87.7%
Rhenium
79.4%
Rhodium
70.1%
Radium
65.2%
Ruthenium
64.9%
Radon
62.3%

Today's Daily Dose

Remove Ads.
Support Sporcle.
Get the best of Sporcle when you Go Orange. This ad-free experience offers more features, more stats, and more fun while also helping to support Sporcle. Thank you for becoming a member.

You're not logged in!

Compare scores with friends on all Sporcle quizzes.
OR
Log In

Show Comments

Extras

Top Quizzes Today


Score Distribution

Your Account Isn't Verified!

In order to create a playlist on Sporcle, you need to verify the email address you used during registration. Go to your Sporcle Settings to finish the process.

Report this User

Report this user for behavior that violates our Community Guidelines.

Details: